| 000 | 00440cam a2200181ua 4500 | ||
|---|---|---|---|
| 001 | 3839 | ||
| 008 | 111206n ii |||gr||||Z||||||asm | ||
| 040 | _cMAIN | ||
| 082 | _a891.4513 | ||
| 100 | 1 |
_aBezbarua, Aswini, _eAuthor. |
|
| 245 | 1 | 1 |
_aAawaha sangeet _cby Aswini Bezbarua |
| 250 | _a1st. | ||
| 260 |
_aGuwahati: _bSahitya Prakash,987. |
||
| 300 |
_a102p: _c23cm. |
||
| 653 | _aAssamese novel | ||
| 653 | _aAawaha sangeet | ||
| 942 | _cBK | ||
| 999 |
_c3663 _d3663 |
||